000 00516nam a2200181 4500
001 131155
003 ES-MaACL
005 20230906193927.0
007 t|
008 070214s1910 fr r ||||1| fre d
100 1 _aRodés, Béatrix.
_998127
245 1 0 _aL'ame des cathedrales /
_cBéatrix Rodés ; preface d'Edouard Schuré.
260 _aParis :
_bE. Arrault et Cie,
_c1910.
300 _aXXX, 170 p. ;
_c19 cm.
700 1 _aSchurè, Edouard.
_9219748
852 _aES-MaACL
_jF-11372
999 _c131155
_d131155